000 01015nam0a2200325 4500
001 RU\NLR\bibl\807277
005 20250614131607.0
010 _a5-93707-236-7
021 _aRU
_b2004-1714и
_993и
035 _a(NLR Aleph) 000796379
090 _a1153623
_c1153623
100 _a20050606d2004 |||y0rusy50 ca
101 0 _arus
102 _aRU
105 _aa |||||||||
200 1 _aРусалочка
_eсказка-раскраска в стихах
_f[стихи Бориса Вахнюка
_gрис. Надежды Губаревой]
210 _aМосква
_cХатбер-М
_dкоп. 2004
215 _a16 с.
_cил.
_d28
225 1 _aРаскраска
300 _aАвт. указан на 4-й с. обл.
686 _aШ9(2)60=Р7-5
686 _aШ9(2)60=Р7-8
700 1 _aВахнюк
_bБ.
_gБорис
_4070
801 0 _aRU
_bNLR
_c20050606
_grcr
801 1 _aRU
_bNLR
_c20050606
942 _cBOOK
980 _aNB